000 00675nam a2200217Ia 4500
003 OSt
005 20240917151955.0
008 210210b1999 xxu||||| |||| 00| 0 eng d
040 _cAL
041 _aKonkani
082 _a891.468 JAVB
100 _aJAVALI (Nagaraja Rav).
_9179230
_dಜವಳಿ (ನಾಗರಾಜ ರಾವ್)
245 _aB V balo-konkani kalo.
_bಬಿ ವಿ ಬಾಳೂ -ಕೊಂಕಣಿ ಕಳೊ
260 _aMangalore
_bKarnataka Konkani Sahitya Akademy.
_c1999
300 _a53
520 _aBantvala VasudevAa Baliga
650 _aBaliga B V
_9179231
690 _aKonkani Miscellaneous
_9179232
906 _a058616
942 _2ddc
_cBK
999 _c105974
_d105974